Financovane samospráv zo štátneho rozpočtu v prepojení na rozpočet EÚ bakalárska práca

Saved in:
Bibliographic Details
Main Author: Soósová, Nikoleta
Corporate Author: Národohospodárska fakulta EU. Katedra financií
Other Authors: Hrivková, Katarína
Format: Book
Language:Slovak
Published: Bratislava 2012
Tags: Add Tag
No Tags, Be the first to tag this record!

MARC

LEADER 00000nbm a2200000 4500
001 0155880
005 20161109111923.1
041 0 |a slo 
044 |a SK 
245 1 0 |a Financovane samospráv zo štátneho rozpočtu v prepojení na rozpočet EÚ  |b bakalárska práca  |c Nikoleta Soósová ; školiteľ: Katarína Hrivková 
264 1 |a Bratislava  |c 2012 
300 |a 35 s. 
100 1 |a Soósová, Nikoleta 
700 1 |a Hrivková, Katarína 
710 2 |a Národohospodárska fakulta EU. Katedra financií